000
00294nam a2200109 4500
999
_c
11005
_d
11005
003
OSt
005
20221109175950.0
008
221109b ||||| |||| 00| 0 eng d
245
_a
Design aids for reinforced concrete to IS:456-1978
260
_b
Bureau of Indian standards -New Delhi
942
_2
ddc